<?xml version="1.0" encoding="UTF-8"?>
<collection xmlns="http://www.loc.gov/MARC21/slim">
 <record>
  <leader>01105nam a2200265 a 4500</leader>
  <controlfield tag="001">2107783</controlfield>
  <controlfield tag="008">090511s1997    njua     b    001 0 eng d</controlfield>
  <datafield tag="010" ind1=" " ind2=" ">
   <subfield code="a">\\\96035109 </subfield>
  </datafield>
  <datafield tag="020" ind1=" " ind2=" ">
   <subfield code="a">8120320476</subfield>
  </datafield>
  <datafield tag="020" ind1=" " ind2=" ">
   <subfield code="a">8121908159</subfield>
  </datafield>
  <datafield tag="040" ind1=" " ind2=" ">
   <subfield code="a">DLC</subfield>
   <subfield code="c">DLC</subfield>
   <subfield code="d">DLC</subfield>
  </datafield>
  <datafield tag="082" ind1="0" ind2="0">
   <subfield code="a">621.3815/2</subfield>
   <subfield code="2">20</subfield>
  </datafield>
  <datafield tag="100" ind1="1" ind2=" ">
   <subfield code="a">Bhattacharya, Pallab.</subfield>
  </datafield>
  <datafield tag="245" ind1="1" ind2="0">
   <subfield code="a">Semiconductor optoelectronic devices /</subfield>
   <subfield code="c">Pallab Bhattacharya.</subfield>
  </datafield>
  <datafield tag="250" ind1=" " ind2=" ">
   <subfield code="a">2nd ed.</subfield>
  </datafield>
  <datafield tag="260" ind1=" " ind2=" ">
   <subfield code="a">Upper Saddle River, NJ </subfield>
   <subfield code="a">New Delhi,IN:</subfield>
   <subfield code="b">Prentice Hall,</subfield>
   <subfield code="c">c1997.</subfield>
  </datafield>
  <datafield tag="300" ind1=" " ind2=" ">
   <subfield code="a">xxv, 613 p. :</subfield>
   <subfield code="b">ill. ;</subfield>
   <subfield code="c">24 cm.</subfield>
  </datafield>
  <datafield tag="504" ind1=" " ind2=" ">
   <subfield code="a">Includes bibliographical references and index.</subfield>
  </datafield>
  <datafield tag="541" ind1="1" ind2=" ">
   <subfield code="e">00013841</subfield>
  </datafield>
  <datafield tag="650" ind1=" " ind2="0">
   <subfield code="a">Optoelectronic devices.</subfield>
  </datafield>
  <datafield tag="650" ind1=" " ind2="0">
   <subfield code="a">Semiconductors.</subfield>
  </datafield>
  <datafield tag="852" ind1="4" ind2=" ">
   <subfield code="a">Ayesha Abed Library</subfield>
   <subfield code="j">Generalshelf</subfield>
  </datafield>
  <datafield tag="999" ind1=" " ind2=" ">
   <subfield code="c">539</subfield>
   <subfield code="d">539</subfield>
  </datafield>
  <datafield tag="952" ind1=" " ind2=" ">
   <subfield code="0">0</subfield>
   <subfield code="1">0</subfield>
   <subfield code="2">ddc</subfield>
   <subfield code="4">0</subfield>
   <subfield code="6">621_381520000000000_BHA_2004</subfield>
   <subfield code="7">0</subfield>
   <subfield code="9">489</subfield>
   <subfield code="a">BRACUL</subfield>
   <subfield code="b">BRACUL</subfield>
   <subfield code="c">GEN</subfield>
   <subfield code="d">2009-05-11</subfield>
   <subfield code="g">396.00</subfield>
   <subfield code="l">3</subfield>
   <subfield code="m">38</subfield>
   <subfield code="o">621.38152 BHA</subfield>
   <subfield code="p">3010013841</subfield>
   <subfield code="r">2024-05-19</subfield>
   <subfield code="s">2024-02-10</subfield>
   <subfield code="t">1</subfield>
   <subfield code="w">2009-05-11</subfield>
   <subfield code="y">BK</subfield>
  </datafield>
  <datafield tag="952" ind1=" " ind2=" ">
   <subfield code="0">0</subfield>
   <subfield code="1">0</subfield>
   <subfield code="2">ddc</subfield>
   <subfield code="4">0</subfield>
   <subfield code="6">621_381520000000000_BHA_2004</subfield>
   <subfield code="7">0</subfield>
   <subfield code="9">10048</subfield>
   <subfield code="a">BRACUL</subfield>
   <subfield code="b">BRACUL</subfield>
   <subfield code="c">GEN</subfield>
   <subfield code="d">2010-05-11</subfield>
   <subfield code="l">4</subfield>
   <subfield code="m">7</subfield>
   <subfield code="o">621.38152 BHA</subfield>
   <subfield code="p">3010013840</subfield>
   <subfield code="r">2024-02-29</subfield>
   <subfield code="s">2024-01-22</subfield>
   <subfield code="t">1</subfield>
   <subfield code="w">2010-05-11</subfield>
   <subfield code="y">BK</subfield>
  </datafield>
 </record>
</collection>
